000 00770nam a2200193Ia 4500
003 GCL
008 140319s9999 xx 000 0 ara d
040 _aGCL /
_cGCL
082 0 4 _a615.852
_bق م
100 1 _aابن طولون : محمد بن على بن احمد بن على بن خمارويه الدمشقى
245 1 0 _aالمنهل الروى فى الطب النبوى /
_cابن طولون : محمد بن على بن احمد بن على بن خمارويه الدمشقى
700 1 _aعزيز بيك
260 _aالرياض :
_bدار عالم الكتب للنشر والتوزيع ،
_c1995
300 _a342 ص ؛
_c24 سم
490 _aكتاب
_v0
650 0 4 _aالحديث - شرح
650 0 4 _aالطب النبوى
942 _2ddc
_cBK
999 _c41558
_d41558